| 000 | 00574nam a2200169 i 4500 | ||
|---|---|---|---|
| 001 | 50125 | ||
| 003 | ES-MaACL | ||
| 007 | t| | ||
| 008 | 030731s1942 xxu ||||1| eng d | ||
| 100 | 1 |
_aCroft, Terrell. _941665 |
|
| 245 | 1 | 0 |
_aAmerican electricians' handbook _b: a reference book for practical electrical workers / _cby Terrell Croft ; revised by Clifford C. Carr. |
| 250 | _a5th ed. | ||
| 260 |
_aNew York : _bMcGraw-Hill Book Company, _c1942. |
||
| 300 |
_aXIV, 1634 p. : _bil. ; _c19 cm. |
||
| 700 | 1 |
_aCarr, Clifford C. _935464 |
|
| 852 |
_aES-MaACL _jE-2225 _bR.23463 |
||
| 999 |
_c50125 _d50125 |
||